01466nam a22003617a 4500003000500000005001700005008004100022010000900063011000900072035000900081040000900090090001000099100004400109245010900153260004200262300002700304502009600331590003700427590004100464590004100505590004100546590004200587650002900629650003500658650004100693901000700734942000900741949004100750949004600791999001500837952012500852952012700977CHAP20220329133612.0971013s1993 r 00010 d a8439 a9411 a8646 cCHAP aTesis00aFernández Elguezabal, Jesús.940169 aInfluencia del genotipo de papa en la producción de oosporas de Phytophthora infestans (Mont.) de Bary aMontecillo, Méx. :bEl autor,c1993 a56 h.b: ilus. ; anexo aTesis (M.C. Esp. en Fitopatología) -- Colegio de Postgraduados. Centro de Fitopatología aALEPHb10c20130110lUCH01h1222 aBATCH-UPDb10c20130110lUCH01h1545 aBATCH-UPDb10c20130410lUCH01h0945 aBATCH-UPDb10c20130914lUCH01h1858 aCONVERSIONb10c20130109lUCH01h130614aPapaxGenética.98524014aPhytophthora infestans.98792514aTizón tardío de la papa.9113451 aBK cFOLL bBCcTESd-18927eTS1h25578i8646si bBCcTESd-18929eTS2fc.2h25579i8646si c8439d8439 00102local4053708TESISaBCbBCcPA_TESISd2019-12-31fTESISl0p-18929r2019-12-31 00:00:00tc.2w2019-12-31yTESIS 00102local4051708TESISaBCbBCcPA_TESISd2019-12-31fTESISl0oTesisp-18927r2019-12-31 00:00:00w2019-12-31yTESIS